COLOR ATLAS & SYNOPSIS OF CLINICAL OPHTHALMOLOGY PEDIATRIC OPHTHALMOLOGY (Record no. 9083)

MARC details
000 -LEADER
fixed length control field 00353nam a22001457a 4500
003 - CONTROL NUMBER IDENTIFIER
control field SGT
082 ## - DEWEY DECIMAL CLASSIFICATION NUMBER
Classification number 617.7, C12N
100 ## - MAIN ENTRY--PERSONAL NAME
Personal name NELSON, LEONARD
245 ## - TITLE STATEMENT
Title COLOR ATLAS & SYNOPSIS OF CLINICAL OPHTHALMOLOGY PEDIATRIC OPHTHALMOLOGY
250 ## - EDITION STATEMENT
Edition statement 2ND
260 ## - PUBLICATION, DISTRIBUTION, ETC. (IMPRINT)
Place of publication, distribution, etc INDIA
Name of publisher, distributor, etc WOLTERS
Year of Publication 2012
300 ## - PAGE DESCRIPTION
No. of Pages 209
650 ## - SUBJECT ADDED ENTRY--TOPICAL TERM
Topical term or geographic name as entry element OPHTHALMOLOGY
942 ## - ADDED ENTRY ELEMENTS (KOHA)
Source of classification or shelving scheme Dewey Decimal Classification
Koha item type Books
Holdings
Withdrawn status Lost status Source of classification or shelving scheme Damaged status Not for loan Collection code Home library Current library Shelving location Date acquired Vendor Name Cost, normal purchase price SGTU Bill Number Total Checkouts Full call number Accession No. (Barcode) Date last seen Bill Date Koha item type
    Dewey Decimal Classification     MEDICAL SGT Medical Library SGT Medical Library Reference Book 16/06/2016 AHUJA BOOK COMPANY 1095.00 SGTU 5978   617.7, C12N FM7572 16/06/2016 14/08/2015 Books
    Dewey Decimal Classification     MEDICAL SGT Medical Library SGT Medical Library Reference Book 16/06/2016 AHUJA BOOK COMPANY 1095.00 SGTU 5978   617.7, C12N FM7573 16/06/2016 14/08/2015 Books